LIBRARY & INFORMATION CENTRE, KCAET, TAVANUR

ONLINE PUBLIC ACCESS CATALOGUE (OPAC)

Case histories in community organization / (Record no. 1883)

MARC details
000 -LEADER
fixed length control field 00457cam a2200181ua 4500
041 ## - LANGUAGE CODE
Language code of text/sound track or separate title eng
082 ## - DEWEY DECIMAL CLASSIFICATION NUMBER
Classification number 307
Item number ROS/CA
100 ## - MAIN ENTRY--AUTHOR NAME
Personal name Ross, Murry.G .
245 ## - TITLE STATEMENT
Title Case histories in community organization /
250 ## - EDITION STATEMENT
Edition statement 1 /
260 ## - PUBLICATION, DISTRIBUTION, ETC. (IMPRINT)
Place of publication New York :
Name of publisher Harper and Row Publishers ,
Year of publication 1958.
300 ## - PHYSICAL DESCRIPTION
Number of Pages 259 ; .
942 ## - ADDED ENTRY ELEMENTS (KOHA)
Koha item type Books
Holdings
Withdrawn status Lost status Damaged status Home library Current library Date acquired Full call number Accession Number Koha item type
Withdrawn     KAUAET Sanskrit University 07/04/2012 307 705 Books
free website counter